000 00703nam a2200217Ia 4500
005 20250508164300.0
008 008 250505s9999 xx 000 0 eng d
020 _a92-64-00920-5
037 _aReference
040 _aFEDL
_beng
_cFEDL
041 _aeng
_2eng
084 _a370.152 3, OEC
_qFEDL
100 _aOrganisation for Economic Co-operation and Development Co.
245 0 _aE- learning in tertiary educarion: Where do we stand?
260 _aParis, France
_bOrganisation for Economic Co-operation and Development
_c2005
300 _a289p
365 _aGBP
_b24
650 _aLearning; Education
_9776048
942 _cREF
_h370.152 3, OEC
999 _c1388131
_d1388131